000 00277nam a22001337a 4500
008 170810b xxu||||| |||| 00| 0 eng d
020 _a9780070493209
041 _aeng
080 _a004
100 _a35
101 _aSHKI
245 _aSIMAN
_cPEGDEN, C.D
942 _2udc
_cBK
999 _c23186
_d23186